MARC

LEADER 00000nam0a2200000 4500
001 153411
005 20240620094850.0
010 |a 5703002133 
020 |a RU  |b 90-49590 
035 |a (RuTPU)RU\TPU\book\166439 
090 |a 153411 
100 |a 20090212d1990 m y0rusy5003 ca 
101 0 |a rus 
102 |a RU 
105 |a a z 000ay 
200 1 |a Ратоборцы  |e эпопея  |e в 2 кн.  |f А. К. Югов  |g авт. предисл. А. Разумихин ; худож. Г. И. Метченко 
210 |a Москва  |c Патриот  |d 1990 
215 |a 544 с.  |c ил.  |d 21 см 
225 1 |a Отчизны верные сыны 
600 0 |a Даниил Романович  |c князь Галицкий и Владимиро-Волынский из династии Рюриковичей  |f 1201-1264  |2 stltpush  |3 (RuTPU)RU\TPU\pers\12730  |9 3620 
600 0 |a Александр Ярославич Невский  |c Великий князь Владимирский и Киевский из династии Рюриковичей  |c князь Новгородский  |f 1219-1263  |2 stltpush  |3 (RuTPU)RU\TPU\pers\5915  |9 1142 
610 1 |a Галицко-Волынское княжество, 13 в. 
610 1 |a Монголо-татарское иго на Руси, 13 в. 
610 1 |a Новгород Великий, 13 в. 
610 1 |a историческая проза 
610 1 |a исторические романы 
675 |a Р2  |z rus 
700 1 |a Югов  |b А. К.  |g Алексей Кузьмич  |4 070 
702 1 |a Разумихин  |b А.  |4 080 
702 1 |a Метченко  |b Г. И.  |4 440 
801 0 |a RU  |b RuMRKP  |c 19950417  |g psbo 
801 1 |a RU  |b 63413507  |c 20090212  |g PSBO 
801 2 |a RU  |b 63413507  |c 20090212  |g PSBO 
942 |c BK